The Study on Metaphoric Meanings of Words Related to Food en English and Vietnamese Metaphoric Meaning
में बचाया:
| मुख्य लेखक: | |
|---|---|
| स्वरूप: | अज्ञात |
| भाषा: | English |
| प्रकाशित: |
ĐHĐN
2011
|
| विषय: | |
| टैग : |
टैग जोड़ें
कोई टैग नहीं, इस रिकॉर्ड को टैग करने वाले पहले व्यक्ति बनें!
|
| Thư viện lưu trữ: | Mạng thư viện Đại học Đà Nẵng |
|---|
| LEADER | 00797na a2200229 4500 | ||
|---|---|---|---|
| 001 | 000031792 | ||
| 003 | 7221 | ||
| 005 | 20151001093528.0 | ||
| 008 | 151001s2011 000 eng | ||
| 082 | |a 420.4 |b NG-H |2 Metaphoric Meaning | ||
| 100 | |a Nguyễn Thị Kim Hoàng | ||
| 245 | |a The Study on Metaphoric Meanings of Words Related to Food en English and Vietnamese |c Nguyễn Thị Kim Hoàng |n Metaphoric Meaning | ||
| 260 | |a ĐHĐN |c 2011 | ||
| 300 | |a 80tr. : mh ; 30cm | ||
| 650 | |a The Study on Metaphoric Meanings of Words Related to Food en English and Vietnamese, Metaphoric Meanings, Metaphoric, 2011 | ||
| OWN | |a LNN | ||
| 999 | |a From the UDN01 | ||
| TYP | |a Printed language | ||
| 980 | |a Mạng thư viện Đại học Đà Nẵng | ||